000 00655nam a2200253Ia 4500
003 OSt
005 20221007105021.0
006 a|||||r|||| 00| 0
007 ta
008 221006b |||||||| |||| 00| 0 eng d
024 _a17,379
037 _cTextual
040 _aLCO
_cLCO
_beng
041 _2eng
_aeng
082 _aZ2,2,414, L9
100 _aUnderhills Arthur
_9706428
245 0 _aLaw Relating to Trusts and Trustees
250 _a13th
260 _aLondon
_bButterworths UK
_c1979
300 _a822
650 _aTRUSTS
_9706429
942 _hZ2,2,414, L9
_cTEXL
999 _c1186942
_d1186942